00699nam a2200205Ia 4500001000700000003000500007008004100012010001100053040000900064082001400073100002900087245011300116260007900229300001000308440000500318500000500323503000500328650012300333650003700456Z_1114CHAP220113s1985 xx 000 0 und d a164194 cCHAP a628.53 S3 aSáinz Moreno, Laureano aAnimales y contaminación biótica ambiental /cpor Laureano Sáinz Moreno y Carlos Compaire Fernández a[s.l.] :bInstituto de Estudios Agrarios, Pesqueros y Alimentarios,c1985 a441 p a a a aAnimalesxEfecto del medio ambiente I. Compaire Fernández, Carlos II.t.: Contaminación biótica ambiental III. t. aMedio ambientexContaminación